[Event "Mittelfränkischer Schachkongress 2016"]
[Site "Nürnberg"]
[Date "2016.03.23"]
[Round "4.10"]
[White "Walter, Florian"]
[Black "Schlötterer, Hermann"]
[Result "1-0"]
[WhiteElo "2160"]
[BlackElo "1861"]
[PlyCount "59"]
[EventDate "2016.??.??"]
[WhiteTeam "SC Noris-Tarrasch Nürnberg"]
[BlackTeam "Zabo-Eintracht Nürnberg"]

1. c4 e5 2. g3 d5 3. cxd5 Qxd5 4. Nf3 Nf6 5. Nc3 Qd6 6. Bg2 Bd7 7. O-O Bc6 8.
d3 Be7 9. Be3 O-O 10. Rc1 Nbd7 11. Qb3 Qb4 12. Qc2 Ng4 13. Bd2 Qc5 14. h3 Ngf6
15. Be3 Qb4 16. Rfd1 a6 17. a3 Qa5 18. Nd2 Nd5 19. Bxd5 Bxd5 20. b4 Bxb4 21.
axb4 Qxb4 22. Nxd5 Qd6 23. Qc4 c6 24. Nb6 Rad8 25. Nxd7 Qxd7 26. Bb6 Rde8 27.
Bc5 Qxh3 28. Bxf8 Re6 29. Qh4 Qf5 30. e4 1-0

[Event "Mittelfränkischer Schachkongress 2016"]
[Site "Nürnberg"]
[Date "2016.03.23"]
[Round "4.12"]
[White "Junk, Philipp"]
[Black "Vogiatzis, Dimitrios"]
[Result "0-1"]
[WhiteElo "1781"]
[BlackElo "2080"]
[PlyCount "38"]
[EventDate "2016.??.??"]
[WhiteTeam "SC  JÄKLECHEMIE"]
[BlackTeam "SC Noris-Tarrasch Nürnberg"]

1. e4 e5 2. Nf3 d5 3. exd5 Bd6 4. d4 e4 5. Ne5 Nf6 6. Bb5+ Bd7 7. Nxd7 Nbxd7 8.
Bg5 O-O 9. Bxd7 Qxd7 10. Bxf6 gxf6 11. O-O Kh8 12. c4 Rg8 13. g3 Qh3 14. Qb3
Rg4 15. Nd2 Rh4 16. Rfe1 Qxh2+ 17. Kf1 Rg4 18. Qe3 f5 19. Ke2 Rxg3 0-1

[Event "Mittelfränkischer Schachkongress 2016"]
[Site "Nürnberg"]
[Date "2016.03.23"]
[Round "4.13"]
[White "Rausch, Wolfgang sr"]
[Black "Hannweber, Markus"]
[Result "1-0"]
[WhiteElo "1862"]
[BlackElo "2029"]
[PlyCount "101"]
[EventDate "2016.??.??"]
[WhiteTeam "SW Nürnberg Süd"]
[BlackTeam "SK Nürnberg"]

1. c4 g6 2. Nc3 Bg7 3. Nf3 Nf6 4. e4 d6 5. d4 O-O 6. Be2 e5 7. dxe5 dxe5 8. O-O
c6 9. Qc2 Qc7 10. h3 h6 11. Be3 Be6 12. Rfd1 Na6 13. a3 b6 14. b4 Rad8 15. Rab1
Nh5 16. Bf1 Qe7 17. c5 b5 18. a4 f5 19. axb5 cxb5 20. Bxb5 fxe4 21. Nxe4 Nc7
22. Bc4 Kh7 23. Bxe6 Nxe6 24. Nd6 Nhf4 25. Bxf4 Rxf4 26. Ne4 Rdf8 27. Rd6 Rxf3
28. gxf3 Nf4 29. Kf1 Qh4 30. Rb3 Qxh3+ 31. Ke1 Qh1+ 32. Kd2 Qf1 33. Re3 Ng2 34.
Qd3 Nxe3 35. Qxe3 Qb1 36. Qa3 Rb8 37. Kc3 Qe1+ 38. Kc4 Qe2+ 39. Rd3 Rd8 40. Nd6
e4 41. fxe4 Qxf2 42. Rf3 Qe2+ 43. Kd5 Qd2+ 44. Kc6 Rb8 45. b5 Rd8 46. Qxa7 Qd4
47. Qe7 Ra8 48. Rf7 Rg8 49. Ne8 Kh8 50. Rxg7 Rxg7 51. Qxg7+ 1-0

[Event "Mittelfränkischer Schachkongress 2016"]
[Site "Nürnberg"]
[Date "2016.03.23"]
[Round "4.14"]
[White "Cordts, Elof"]
[Black "Balhar, Michael"]
[Result "1/2-1/2"]
[WhiteElo "1749"]
[BlackElo "1795"]
[PlyCount "81"]
[EventDate "2016.??.??"]
[WhiteTeam "SC Erlangen"]
[BlackTeam "SC Erlangen"]

1. e4 c5 2. Nc3 e6 3. f4 d5 4. e5 Nc6 5. Bb5 Bd7 6. a4 a6 7. Bxc6 Bxc6 8. Nf3
d4 9. Nb1 Nh6 10. d3 Nf5 11. O-O Be7 12. Qe1 h5 13. a5 h4 14. Na3 b5 15. axb6
Qxb6 16. Nc4 Qc7 17. Bd2 h3 18. g3 Bd5 19. Ra3 Bd8 20. Ba5 Qc6 21. Qf2 Bxc4 22.
dxc4 Bxa5 23. Rxa5 Ne3 24. Rfa1 Nxc4 25. R5a2 Ne3 26. b3 c4 27. bxc4 Qxc4 28.
Ra4 Qxc2 29. Nxd4 Qxf2+ 30. Kxf2 Ng4+ 31. Kg1 O-O 32. Nf3 Rfc8 33. Ng5 Rc2 34.
Nxh3 Nxh2 35. Rxa6 Nf3+ 36. Kf1 Rxa6 37. Rxa6 Kh7 38. Ra7 Kg6 39. Ra3 Nd2+ 40.
Kg1 Kf5 41. Ng5 1/2-1/2

[Event "Mittelfränkischer Schachkongress 2016"]
[Site "Nürnberg"]
[Date "2016.03.24"]
[Round "5.1"]
[White "Fuchs, Gerhard"]
[Black "Miller, Eduard"]
[Result "0-1"]
[WhiteElo "1997"]
[BlackElo "2259"]
[PlyCount "62"]
[EventDate "2016.??.??"]
[WhiteTeam "SK Nürnberg"]
[BlackTeam "SC Erlangen"]

1. d4 c6 2. e4 d5 3. Nc3 dxe4 4. Nxe4 Nf6 5. Nxf6+ exf6 6. Bc4 Be6 7. Bxe6 fxe6
8. Qh5+ g6 9. Qe2 Kf7 10. Nf3 b5 11. O-O Qd5 12. a4 Bd6 13. Be3 a5 14. Nd2 Nd7
15. axb5 cxb5 16. c4 bxc4 17. Nxc4 Rhb8 18. Nxd6+ Qxd6 19. Rfc1 Rb7 20. Rc2 Nb6
21. Qb5 a4 22. Rac1 Qe7 23. Qc5 Nd5 24. Qxe7+ Kxe7 25. Kf1 Rb3 26. Ke2 Rab8 27.
Ra1 Rxb2 28. Rxb2 Rxb2+ 29. Kd3 Rb3+ 30. Kc4 Rc3+ 31. Kb5 a3 0-1

[Event "Mittelfränkischer Schachkongress 2016"]
[Site "Nürnberg"]
[Date "2016.03.24"]
[Round "5.2"]
[White "Wittmann, Helmut"]
[Black "Erlbeck, Peter"]
[Result "1-0"]
[WhiteElo "2079"]
[BlackElo "2056"]
[PlyCount "65"]
[EventDate "2016.??.??"]
[WhiteTeam "BSG Wöhrlhaus"]
[BlackTeam "SW Nürnberg Süd"]

1. d4 f5 2. Bg5 g6 3. Nc3 Bg7 4. h4 h6 5. Be3 Nf6 6. Nh3 Nh5 7. Qd3 O-O 8. g4
fxg4 9. Qxg6 Qe8 10. Qxg4 d6 11. Qg2 Kh8 12. Nd5 Na6 13. Nhf4 Nxf4 14. Nxf4
Rxf4 15. Bxf4 Nb4 16. Rg1 Qf7 17. Qxg7+ Qxg7 18. Rxg7 Kxg7 19. Kd2 Nc6 20. d5
Ne5 21. Bg2 Ng6 22. Bg3 Bf5 23. e4 Bg4 24. f3 Bh5 25. f4 Kf6 26. Bh3 Rf8 27.
Be6 c5 28. Rg1 b5 29. Ke3 a5 30. b3 a4 31. bxa4 bxa4 32. Be1 Rb8 33. Bc3+ 1-0

[Event "Mittelfränkischer Schachkongress 2016"]
[Site "Nürnberg"]
[Date "2016.03.24"]
[Round "5.3"]
[White "Bildt, Maximilian"]
[Black "Walter, Florian"]
[Result "1-0"]
[WhiteElo "1997"]
[BlackElo "2160"]
[PlyCount "42"]
[EventDate "2016.??.??"]
[WhiteTeam "SK Zirndorf"]
[BlackTeam "SC Noris-Tarrasch Nürnberg"]

1. e4 c5 2. Nf3 g6 3. c4 Nc6 4. d4 cxd4 5. Nxd4 Bg7 6. Be3 Nf6 7. Nc3 Ng4 8.
Qxg4 Nxd4 9. Qd1 Ne6 10. Rc1 Qa5 11. Be2 O-O 12. O-O f5 13. exf5 Qxf5 14. Nd5
Qf7 15. b4 d6 16. c5 Kh8 17. Bc4 Bd7 18. Nc7 Rac8 19. cxd6 Bb2 20. Rb1 Be5 21.
Qb3 exd6 1-0

[Event "Mittelfränkischer Schachkongress 2016"]
[Site "Nürnberg"]
[Date "2016.03.24"]
[Round "5.4"]
[White "Wagner, Florian"]
[Black "Link, Andreas"]
[Result "1-0"]
[WhiteElo "2137"]
[BlackElo "1972"]
[PlyCount "53"]
[EventDate "2016.??.??"]
[WhiteTeam "SC Noris-Tarrasch Nürnberg"]
[BlackTeam "Zabo-Eintracht Nürnberg"]

1. d4 Nf6 2. c4 e6 3. Nf3 c5 4. a3 cxd4 5. Nxd4 Nc6 6. Nc3 d5 7. cxd5 exd5 8.
g3 Be7 9. Bg2 O-O 10. O-O Qb6 11. Be3 Qd8 12. Nxc6 bxc6 13. Rc1 Ng4 14. Bd4 Bd6
15. Na4 Qg5 16. Rxc6 Rd8 17. h3 Nf6 18. Qc1 Qg6 19. Nc5 Bf5 20. Nb7 Ne4 21.
Nxd8 Rxd8 22. Be5 h5 23. Bxd6 Nxd6 24. Qf4 Qe6 25. Rd1 Qxe2 26. Rxd5 g6 27.
Rcxd6 1-0

[Event "Mittelfränkischer Schachkongress 2016"]
[Site "Nürnberg"]
[Date "2016.03.24"]
[Round "5.6"]
[White "Reis, Gerhard"]
[Black "Brenner, Christian"]
[Result "1-0"]
[WhiteElo "2220"]
[BlackElo "2037"]
[PlyCount "51"]
[EventDate "2016.??.??"]
[WhiteTeam "SW Nürnberg Süd"]
[BlackTeam "Zabo-Eintracht Nürnberg"]

1. Nf3 Nf6 2. c4 g6 3. Nc3 Bg7 4. g3 O-O 5. Bg2 d6 6. d4 Nc6 7. O-O e5 8. h3 h6
9. Be3 Qe7 10. Rc1 Rd8 11. Nd5 Nxd5 12. cxd5 exd4 13. Nxd4 Nb8 14. Qd2 Kh7 15.
Nb5 c5 16. dxc6 bxc6 17. Nd4 Bd7 18. Rfd1 d5 19. Qa5 Bf8 20. b4 Re8 21. b5 c5
22. Bxd5 cxd4 23. Rxd4 Bg7 24. Rd2 Be5 25. Bxa8 Bxg3 26. Qxa7 1-0

[Event "Mittelfränkischer Schachkongress 2016"]
[Site "Nürnberg"]
[Date "2016.03.24"]
[Round "5.7"]
[White "Heimrath, Reiner"]
[Black "Leis, Stefan"]
[Result "1-0"]
[WhiteElo "2156"]
[BlackElo "1970"]
[PlyCount "61"]
[EventDate "2016.??.??"]
[WhiteTeam "SC Noris-Tarrasch Nürnberg"]
[BlackTeam "SC Mühlhof-Reichelsdorf"]

1. Nf3 Nf6 2. g3 d5 3. Bg2 c6 4. d3 Bg4 5. Nbd2 e6 6. b3 Nbd7 7. Bb2 Bd6 8. O-O
O-O 9. h3 Bh5 10. Qe1 Re8 11. a3 Rc8 12. e4 e5 13. Nh4 Qc7 14. Nf5 Bg6 15. Nxd6
Qxd6 16. Qe2 Rcd8 17. Rfe1 dxe4 18. dxe4 b5 19. Rad1 Qc7 20. Qe3 Qb6 21. Qxb6
Nxb6 22. f3 Nfd7 23. Nf1 f6 24. Rd6 Nb8 25. Red1 Rd7 26. Rxd7 N6xd7 27. Ne3 Nf8
28. h4 Ne6 29. Bh3 Bf7 30. Kf2 Rd8 31. Bxe6 1-0

[Event "Mittelfränkischer Schachkongress 2016"]
[Site "Nürnberg"]
[Date "2016.03.24"]
[Round "5.8"]
[White "Seibold, Hubert"]
[Black "Böhme, Sebastian"]
[Result "1-0"]
[WhiteElo "2165"]
[BlackElo "1766"]
[PlyCount "57"]
[EventDate "2016.??.??"]
[WhiteTeam "SK Zirndorf"]
[BlackTeam "SC Uttenreuth"]

1. Nf3 e6 2. g3 d5 3. Bg2 c5 4. O-O Nc6 5. d3 Nf6 6. Nbd2 g6 7. e4 Bg7 8. Re1
O-O 9. c3 b6 10. e5 Nd7 11. d4 a5 12. Nf1 Ba6 13. Bg5 Ne7 14. Qd2 Rc8 15. h4
Nb8 16. N1h2 Nbc6 17. Ng4 h5 18. Nf6+ Kh8 19. Bh3 Qc7 20. Rac1 Ng8 21. Kg2 Nce7
22. g4 hxg4 23. Bxg4 Nf5 24. h5 Bxf6 25. exf6 Kh7 26. Rh1 cxd4 27. cxd4 Qd6 28.
hxg6+ Kxg6 29. Ne5+ 1-0

[Event "Mittelfränkischer Schachkongress 2016"]
[Site "Nürnberg"]
[Date "2016.03.24"]
[Round "5.9"]
[White "Tong, Kevin"]
[Black "Sattler, Stefan"]
[Result "1-0"]
[WhiteElo "2007"]
[BlackElo "2087"]
[PlyCount "67"]
[EventDate "2016.??.??"]
[WhiteTeam "SC Erlangen"]
[BlackTeam "SK Herzogenaurach"]

1. e4 e6 2. d4 d5 3. Nc3 Nf6 4. e5 Nfd7 5. f4 c5 6. Nf3 Nc6 7. Be3 cxd4 8. Nxd4
Bc5 9. Qd2 a6 10. O-O-O O-O 11. Kb1 Bxd4 12. Bxd4 b5 13. Bf2 b4 14. Na4 a5 15.
h4 Ba6 16. Bxa6 Rxa6 17. h5 f6 18. h6 g6 19. Bh4 Ncxe5 20. fxe5 Nxe5 21. b3 g5
22. Bg3 Ng6 23. Rhe1 Rc6 24. Qd4 Ne7 25. Qa7 Nf5 26. Bh2 Rf7 27. Qf2 Rf8 28.
Rxe6 Rxe6 29. Qxf5 Qc8 30. Nc5 Rc6 31. Qxd5+ Kh8 32. Nd7 Rg8 33. Be5 Rg6 34.
Nxf6 1-0

[Event "Mittelfränkischer Schachkongress 2016"]
[Site "Nürnberg"]
[Date "2016.03.24"]
[Round "5.10"]
[White "Süß, Stefan"]
[Black "Böhme, Markus"]
[Result "1-0"]
[WhiteElo "2023"]
[BlackElo "1937"]
[PlyCount "47"]
[EventDate "2016.??.??"]
[WhiteTeam "SC Noris-Tarrasch Nürnberg"]
[BlackTeam "SC Uttenreuth"]

1. e4 e6 2. d4 d5 3. Nc3 Nf6 4. Bd3 c5 5. exd5 Nxd5 6. Nf3 Nc6 7. Nxd5 Qxd5 8.
dxc5 Bxc5 9. O-O O-O 10. Bf4 Nb4 11. Be2 b6 12. a3 Qxd1 13. Rfxd1 Nd5 14. Bg3
Bb7 15. Ne5 Nf6 16. Nd7 Nxd7 17. Rxd7 Bc6 18. Rc7 Rfc8 19. Rxc6 Rxc6 20. Bf3
Rcc8 21. Bxa8 Rxa8 22. Rd1 Kf8 23. Kf1 Ke7 24. b4 1-0

[Event "Mittelfränkischer Schachkongress 2016"]
[Site "Nürnberg"]
[Date "2016.03.24"]
[Round "5.11"]
[White "Vogiatzis, Dimitrios"]
[Black "Rausch, Wolfgang sr"]
[Result "1/2-1/2"]
[WhiteElo "2080"]
[BlackElo "1862"]
[PlyCount "61"]
[EventDate "2016.??.??"]
[WhiteTeam "SC Noris-Tarrasch Nürnberg"]
[BlackTeam "SW Nürnberg Süd"]

1. d4 d5 2. e3 Bf5 3. c3 c6 4. f4 Bxb1 5. Rxb1 f5 6. Bd3 e6 7. Nf3 Nf6 8. O-O
Bd6 9. Ne5 O-O 10. Bd2 c5 11. Be1 c4 12. Bc2 Bxe5 13. fxe5 Ng4 14. Rf3 b5 15.
b3 cxb3 16. Rxb3 a6 17. h3 Nh6 18. Qd3 Nc6 19. Bb1 Na5 20. Rb2 Nc4 21. Rbf2 Ra7
22. Qe2 Nf7 23. Rf1 Ng5 24. Rf4 Ne4 25. Bxe4 dxe4 26. Kh2 Nb6 27. g4 Nd5 28.
R4f2 g6 29. gxf5 exf5 30. Rg1 Qc8 31. a4 1/2-1/2

[Event "Mittelfränkischer Schachkongress 2016"]
[Site "Nürnberg"]
[Date "2016.03.24"]
[Round "5.12"]
[White "Balhar, Michael"]
[Black "Gajewski, Richard"]
[Result "1-0"]
[WhiteElo "1795"]
[BlackElo "1748"]
[PlyCount "63"]
[EventDate "2016.??.??"]
[WhiteTeam "SC Erlangen"]
[BlackTeam "Wolframs-Eschenbach"]

1. e4 a6 2. d4 b5 3. c4 c6 4. Nf3 e6 5. a3 b4 6. axb4 Bxb4+ 7. Bd2 Bxd2+ 8.
Nbxd2 d5 9. c5 a5 10. Qa4 Nf6 11. e5 Ne4 12. Qc2 Nxd2 13. Qxd2 h6 14. b4 Ba6
15. Bxa6 Nxa6 16. Rxa5 O-O 17. O-O Nc7 18. Rfa1 Rxa5 19. bxa5 Qa8 20. Rb1 Rb8
21. Rb6 Nb5 22. h3 Na3 23. Qb4 Nb5 24. Ne1 Kf8 25. Nc2 Ke8 26. Na3 Rxb6 27.
cxb6 Qa6 28. Nxb5 cxb5 29. Qc5 f6 30. Qc7 Qxa5 31. Qb8+ Kf7 32. Qa7+ 1-0

[Event "Mittelfränkischer Schachkongress 2016"]
[Site "Nürnberg"]
[Date "2016.03.24"]
[Round "5.13"]
[White "Schlötterer, Hermann"]
[Black "Junk, Philipp"]
[Result "0-1"]
[WhiteElo "1861"]
[BlackElo "1781"]
[PlyCount "70"]
[EventDate "2016.??.??"]
[WhiteTeam "Zabo-Eintracht Nürnberg"]
[BlackTeam "SC  JÄKLECHEMIE"]

1. d4 c5 2. d5 Nf6 3. c4 e6 4. dxe6 fxe6 5. g3 d5 6. Bg2 d4 7. Nf3 Bd6 8. O-O
O-O 9. b4 Nc6 10. b5 Ne7 11. a4 e5 12. Ng5 Rb8 13. Nd2 Kh8 14. Ra3 Neg8 15. Qc2
b6 16. Bd5 Qe7 17. Ndf3 Bb7 18. Nh4 g6 19. Bxb7 Rxb7 20. g4 e4 21. Rh3 Kg7 22.
f3 h6 23. Nxe4 Nxe4 24. fxe4 Rxf1+ 25. Kxf1 Qf6+ 26. Nf3 Rf7 27. Kg2 Bf4 28.
Bb2 Be3 29. Qd3 Qf4 30. Rg3 Nf6 31. e5 Ne4 32. e6 Rf6 33. e7 Re6 34. e8=Q Rxe8
35. Nh4 Qf2+ 0-1

[Event "Mittelfränkischer Schachkongress 2016"]
[Site "Nürnberg"]
[Date "2016.03.24"]
[Round "5.14"]
[White "Hannweber, Markus"]
[Black "Cordts, Elof"]
[Result "1-0"]
[WhiteElo "2029"]
[BlackElo "1749"]
[PlyCount "151"]
[EventDate "2016.??.??"]
[WhiteTeam "SK Nürnberg"]
[BlackTeam "SC Erlangen"]

1. e4 c5 2. Nf3 d6 3. d4 cxd4 4. Nxd4 Nf6 5. Nc3 a6 6. a4 e5 7. Nb3 Be7 8. Be2
Be6 9. O-O O-O 10. Be3 Nbd7 11. f3 Rc8 12. Qd2 Nb6 13. Na5 Qc7 14. Rfc1 Rfd8
15. Qe1 d5 16. exd5 Nbxd5 17. Nxd5 Nxd5 18. Bd2 Nf4 19. Bf1 Rd7 20. Bc3 f6 21.
Kh1 Rcd8 22. Bb4 Bxb4 23. Qxb4 b6 24. Nb3 a5 25. Qe1 Bc4 26. g3 Ne6 27. Bh3 Rd6
28. Qc3 Rc6 29. Rd1 Bxb3 30. Qxb3 Re8 31. Rd2 Kf8 32. c3 Rd8 33. Rxd8+ Nxd8 34.
Rd1 Rd6 35. Bf5 g6 36. Be4 Rxd1+ 37. Qxd1 Ke7 38. Qd5 Qd6 39. Kg2 f5 40. Qxd6+
Kxd6 41. Bd3 Kc5 42. Kf2 Nf7 43. Ke3 Nd6 44. b3 h6 45. h3 g5 46. Ba6 f4+ 47.
gxf4 exf4+ 48. Kd3 h5 49. Kd2 Kd5 50. Bd3 Ke5 51. Bg6 h4 52. Kd3 Nb7 53. b4 Nd6
54. Bh7 Nb7 55. Be4 Nd6 56. Bc6 Nf7 57. Kc4 Nd6+ 58. Kb3 Nf7 59. Ba8 Nd6 60.
Bc6 Nf7 61. bxa5 bxa5 62. Kc4 Nd8 63. Ba8 Kd6 64. Kb5 Kc7 65. Be4 Nb7 66. Bd5
Kb8 67. Kb6 Nd6 68. Kxa5 Ka7 69. Kb4 Ka6 70. Kc5 Nb7+ 71. Bxb7+ Kxb7 72. Kd4
Kb6 73. c4 Kc6 74. a5 Kc7 75. Ke4 g4 76. fxg4 1-0

[Event "Mittelfränkischer Schachkongress 2016"]
[Site "Nürnberg"]
[Date "2016.03.24"]
[Round "6.1"]
[White "Walter, Thomas"]
[Black "Wittmann, Helmut"]
[Result "1/2-1/2"]
[WhiteElo "2122"]
[BlackElo "2079"]
[PlyCount "59"]
[EventDate "2016.??.??"]
[WhiteTeam "SC Erlangen"]
[BlackTeam "BSG Wöhrlhaus"]

1. e4 e6 2. d4 b6 3. Nf3 Bb7 4. Bd3 c5 5. c3 Nf6 6. Qe2 Be7 7. Bg5 h6 8. Bxf6
Bxf6 9. dxc5 bxc5 10. e5 Be7 11. Nbd2 Qc7 12. Nc4 O-O 13. Rd1 Bd5 14. Bb1 Nc6
15. O-O Rab8 16. b3 f6 17. Rfe1 Rbd8 18. Nh4 Bxc4 19. Qxc4 Nxe5 20. Rxe5 fxe5
21. Ng6 d5 22. Qg4 Rf6 23. Rd3 e4 24. Rg3 Bd6 25. Rh3 Rxg6 26. Qxg6 Qf7 27.
Rxh6 Qxg6 28. Rxg6 Be5 29. Rxe6 Bxc3 30. Kf1 1/2-1/2

[Event "Mittelfränkischer Schachkongress 2016"]
[Site "Nürnberg"]
[Date "2016.03.24"]
[Round "6.2"]
[White "Heimrath, Reiner"]
[Black "Bildt, Maximilian"]
[Result "1/2-1/2"]
[WhiteElo "2156"]
[BlackElo "1997"]
[PlyCount "123"]
[EventDate "2016.??.??"]
[WhiteTeam "SC Noris-Tarrasch Nürnberg"]
[BlackTeam "SK Zirndorf"]

1. e4 c5 2. Nf3 d6 3. b3 Nf6 4. Bb5+ Bd7 5. Bxd7+ Nbxd7 6. d3 g6 7. Bb2 Bg7 8.
O-O O-O 9. a4 a6 10. a5 e6 11. Nbd2 Qc7 12. Ra2 Rac8 13. Nc4 d5 14. exd5 exd5
15. Nce5 d4 16. Nxd7 Qxd7 17. Ne5 Qc7 18. Nc4 Nd5 19. Ra1 Rfe8 20. Ba3 Re6 21.
Qf3 Qc6 22. Rae1 Rce8 23. Rxe6 Rxe6 24. h3 Bf8 25. Bc1 Nb4 26. Qd1 Qe8 27. Bd2
Nc6 28. Qf3 Re2 29. Qd5 Qe6 30. Qxe6 Rxe6 31. Ra1 Be7 32. Kf1 Kf8 33. Ra4 Ke8
34. Nb6 Bd8 35. Nc4 Be7 36. Nb2 Kd7 37. f4 f5 38. Rc4 Kd6 39. Na4 Kd5 40. Nb6+
Kd6 41. b4 cxb4 42. Bxb4+ Nxb4 43. Rxb4 Bh4 44. Rxd4+ Kc5 45. Rd5+ Kb4 46. g4
Re1+ 47. Kg2 fxg4 48. hxg4 Re2+ 49. Kh3 Bf2 50. Nc4 Rxc2 51. f5 gxf5 52. gxf5
Be1 53. Rd7 Rf2 54. Rxb7+ Kc3 55. Nd6 Kxd3 56. Kg4 Bxa5 57. Rxh7 Bd2 58. Rd7
Rf4+ 59. Kh5 Bb4 60. Nf7+ Ke4 61. Nh6 Bf8 62. Ra7 1/2-1/2

[Event "Mittelfränkischer Schachkongress 2016"]
[Site "Nürnberg"]
[Date "2016.03.24"]
[Round "6.3"]
[White "Erlbeck, Peter"]
[Black "Reis, Gerhard"]
[Result "0-1"]
[WhiteElo "2056"]
[BlackElo "2220"]
[PlyCount "64"]
[EventDate "2016.??.??"]
[WhiteTeam "SW Nürnberg Süd"]
[BlackTeam "SW Nürnberg Süd"]

1. e4 c5 2. Nc3 Nc6 3. f4 g6 4. Nf3 Bg7 5. Bc4 e6 6. f5 Nge7 7. fxe6 dxe6 8. d3
O-O 9. O-O Na5 10. Bb3 b6 11. Bg5 f6 12. Be3 Nxb3 13. axb3 Nc6 14. Qd2 Bb7 15.
Rf2 e5 16. Raf1 Qd7 17. Nh4 Qg4 18. g3 Nd4 19. Nd5 Bxd5 20. exd5 Rad8 21. c3
Nxb3 22. Qc2 c4 23. dxc4 Qxc4 24. Rd1 Rd7 25. Nxg6 hxg6 26. Qxg6 Rxd5 27. Rxd5
Qxd5 28. Bh6 Qf7 29. Qg4 Nc5 30. Rf5 Ne6 31. h4 Nc7 32. Kh2 Ne8 0-1

[Event "Mittelfränkischer Schachkongress 2016"]
[Site "Nürnberg"]
[Date "2016.03.24"]
[Round "6.4"]
[White "Wagner, Florian"]
[Black "Fuchs, Gerhard"]
[Result "0-1"]
[WhiteElo "2137"]
[BlackElo "1997"]
[PlyCount "88"]
[EventDate "2016.??.??"]
[WhiteTeam "SC Noris-Tarrasch Nürnberg"]
[BlackTeam "SK Nürnberg"]

1. e4 e6 2. d4 d5 3. Nd2 Nf6 4. e5 Nfd7 5. Bd3 c5 6. c3 Nc6 7. Ngf3 Qb6 8. O-O
cxd4 9. cxd4 Nxd4 10. Nxd4 Qxd4 11. Nf3 Qb6 12. Qa4 Qb4 13. Qc2 Qc5 14. Qe2 Be7
15. Be3 Qa5 16. a3 f5 17. Rfc1 Nf8 18. Nd4 Bd7 19. b4 Qd8 20. Qh5+ Ng6 21. g4
O-O 22. f4 Nh4 23. gxf5 Nxf5 24. Bxf5 exf5 25. Qf3 Bc8 26. Rc3 Rf7 27. Rac1 Bf8
28. Nb5 Bd7 29. Qxd5 Bxb5 30. Qxb5 Rd7 31. Kg2 Qe8 32. Qc4+ Kh8 33. Qe2 h6 34.
Qc2 Qg6+ 35. Kf1 Rad8 36. Qg2 Qh5 37. Re1 Rd1 38. Bf2 R8d2 39. Rce3 Rc2 40.
Rxd1 Qxd1+ 41. Re1 Qd3+ 42. Kg1 Qxa3 43. Qxb7 Bxb4 44. Re3 Qc1+ 0-1

[Event "Mittelfränkischer Schachkongress 2016"]
[Site "Nürnberg"]
[Date "2016.03.24"]
[Round "6.5"]
[White "Miller, Eduard"]
[Black "Hirn, Oskar"]
[Result "0-1"]
[WhiteElo "2259"]
[BlackElo "2209"]
[PlyCount "58"]
[EventDate "2016.??.??"]
[WhiteTeam "SC Erlangen"]
[BlackTeam "SC Noris-Tarrasch Nürnberg"]

1. Nf3 Nf6 2. c4 e6 3. e3 d5 4. b3 Be7 5. Nc3 O-O 6. Qc2 b6 7. d4 Bb7 8. Bd3
dxc4 9. bxc4 c5 10. Ne4 Nbd7 11. O-O cxd4 12. exd4 Nxe4 13. Bxe4 Bxe4 14. Qxe4
Rc8 15. Bf4 Rxc4 16. Qb7 g5 17. Nxg5 e5 18. Bd2 Rxd4 19. Nf3 Nc5 20. Qc6 Rd6
21. Qb5 e4 22. Bf4 exf3 23. Bxd6 Bxd6 24. Rad1 Qf6 25. Rfe1 fxg2 26. Re3 Kh8
27. Qc4 Rg8 28. Rh3 Ne6 29. Qc2 Ng5 0-1

[Event "Mittelfränkischer Schachkongress 2016"]
[Site "Nürnberg"]
[Date "2016.03.24"]
[Round "6.6"]
[White "Süß, Stefan"]
[Black "Seibold, Hubert"]
[Result "1/2-1/2"]
[WhiteElo "2023"]
[BlackElo "2165"]
[PlyCount "117"]
[EventDate "2016.??.??"]
[WhiteTeam "SC Noris-Tarrasch Nürnberg"]
[BlackTeam "SK Zirndorf"]

1. Nf3 c5 2. e4 Nc6 3. d4 cxd4 4. Nxd4 g6 5. Nc3 Bg7 6. Be3 Nf6 7. Bc4 Qa5 8.
O-O d6 9. Nb3 Qc7 10. Be2 O-O 11. f4 b6 12. Bf3 Bb7 13. Re1 Rac8 14. Nd5 Nxd5
15. exd5 Na5 16. Nxa5 bxa5 17. c3 Ba6 18. Bd4 Bxd4+ 19. Qxd4 Rfe8 20. Be2 Bxe2
21. Rxe2 Qb6 22. Rd1 Rc4 23. Qxb6 axb6 24. Rde1 Kf8 25. Re4 Rc5 26. Rd4 Rec8
27. Kf2 Ra8 28. Red1 Kg7 29. Kf3 b5 30. Re1 Ra7 31. Ke4 Rac7 32. Kf3 h5 33. h3
Rb7 34. g4 hxg4+ 35. hxg4 b4 36. c4 Rbc7 37. b3 a4 38. Rde4 Kf8 39. Rh1 axb3
40. axb3 Ra5 41. Rh8+ Kg7 42. Rb8 Raa7 43. Rxb4 Rab7 44. Rxb7 Rxb7 45. Re3 Kf6
46. Ke4 e6 47. Kd4 Ke7 48. dxe6 fxe6 49. Kc3 Rb8 50. Rh3 Rf8 51. Rh7+ Kd8 52.
Rg7 Rxf4 53. Rxg6 Kd7 54. Rg8 e5 55. g5 Rf3+ 56. Kc2 Rf2+ 57. Kd1 Rb2 58. g6
Ke7 59. g7 1/2-1/2

[Event "Mittelfränkischer Schachkongress 2016"]
[Site "Nürnberg"]
[Date "2016.03.24"]
[Round "6.7"]
[White "Link, Andreas"]
[Black "Tong, Kevin"]
[Result "1-0"]
[WhiteElo "1972"]
[BlackElo "2007"]
[PlyCount "103"]
[EventDate "2016.??.??"]
[WhiteTeam "Zabo-Eintracht Nürnberg"]
[BlackTeam "SC Erlangen"]

1. e4 e5 2. Nf3 Nc6 3. Bb5 a6 4. Ba4 Nf6 5. O-O Be7 6. Nc3 b5 7. Bb3 d6 8. Nd5
O-O 9. Nxe7+ Qxe7 10. c3 Bg4 11. d3 h6 12. h3 Be6 13. Bc2 Rad8 14. Re1 Rfe8 15.
Qe2 d5 16. exd5 Bxd5 17. Be3 e4 18. Nd4 exd3 19. Bxd3 Nxd4 20. Bxd4 Qd6 21. Qc2
c5 22. Bxf6 Qxf6 23. Rxe8+ Rxe8 24. a4 c4 25. Bf1 Be4 26. Qe2 Qc6 27. Re1 Re6
28. axb5 axb5 29. Qd2 Qd5 30. Qxd5 Bxd5 31. Rxe6 fxe6 32. f4 Kf7 33. Kf2 Kf6
34. g4 g6 35. h4 Bc6 36. Ke3 e5 37. g5+ hxg5 38. fxg5+ Kf7 39. Bh3 Ke7 40. Bg4
Kf7 41. h5 gxh5 42. Bxh5+ Kg7 43. Bf3 Be8 44. Bd5 Kg6 45. Ke4 Kxg5 46. Kxe5 b4
47. cxb4 Bb5 48. Kd6 Kf4 49. Bc6 Ba6 50. b5 Bc8 51. Kc7 c3 52. bxc3 1-0

[Event "Mittelfränkischer Schachkongress 2016"]
[Site "Nürnberg"]
[Date "2016.03.24"]
[Round "6.8"]
[White "Walter, Florian"]
[Black "Vogiatzis, Dimitrios"]
[Result "0-1"]
[WhiteElo "2160"]
[BlackElo "2080"]
[PlyCount "102"]
[EventDate "2016.??.??"]
[WhiteTeam "SC Noris-Tarrasch Nürnberg"]
[BlackTeam "SC Noris-Tarrasch Nürnberg"]

1. c4 e5 2. g3 Nc6 3. Bg2 f5 4. Nc3 Nf6 5. d3 Be7 6. Nf3 d6 7. O-O O-O 8. Rb1
a5 9. a3 Qe8 10. b4 axb4 11. axb4 Bd8 12. b5 Ne7 13. Qb3 Kh8 14. Ba3 Ng6 15.
Nd2 Nd7 16. Na4 Be7 17. Ra1 Bg5 18. e3 Be7 19. Nc3 Nb6 20. d4 e4 21. c5 dxc5
22. dxc5 Nd7 23. Nd5 Rxa3 24. Qxa3 Bxc5 25. Qc3 Qd8 26. Rfd1 b6 27. Nc4 Bb7 28.
Rd2 Qc8 29. Rad1 Bxd5 30. Rxd5 Nf6 31. R5d2 Qe8 32. Qb2 Qe6 33. Na3 Qe7 34. Nc2
Ne5 35. Qa2 Nd3 36. Bf1 Ne5 37. Be2 h5 38. Nd4 f4 39. Qe6 fxe3 40. Qxe7 exf2+
41. Kxf2 Nfg4+ 42. Kg1 Bxe7 43. h3 Nf2 44. Rf1 e3 45. Rc2 h4 46. Kg2 Bd6 47.
gxh4 Ng6 48. Ne6 Nxh4+ 49. Kg1 Nxh3+ 50. Kh1 Nf2+ 51. Kg1 Rf6 0-1